000
00332nam a2200133Ia 4500
008
150201s2008 xx 000 0 und d
082
_a
615
_b
E08S
100
_a
STAHL,STEPHEN M.
245
_a
ESSENTIALS PSYCHOPHARMACOLOGY
250
_a
3RD
260
_b
CAMBRIDGE UNI.
_a
LONDON
_c
2008
650
_a
PHARMACOLOGY
942
_2
ddc
_c
BK
_0
1
999
_c
1079
_d
1079